000 00775nam a22002412 4500
001 0000005321
005 20151217152001.0
008 070611s xx 000 0 eng d
020 _a0340847034 :
_cKES 800
040 _aKABU
_cKABU
050 0 _aTX911.3
_b.M27L55 1990
100 1 _aLillicrap, Dennis.
_@0000156550
245 1 0 _aFood and beverage service /
_cDennis Lillicrap, John Cousins, Robert Smith.
250 _a6th ed.
260 _aLondon :
_bELST with Hodder and Stoughton,
_c2002.
300 _axiii, 469 p. ;
_c25 cm.
650 0 _aFood service management.
_@0000156551
700 1 _aCousins, John.
_@0000156552
700 1 _aSmith, Robert.
_@0000044423
908 _a070611
950 _@1
999 _c7000
_d7000